[Event "Gibraltar Amateurs B"]
[Site "Gibraltar"]
[Date "2019.01.30"]
[Round "5.34"]
[White "Moreno Guerrero, Idelfonso"]
[Black "Dhanwani, Aditya"]
[Result "1/2-1/2"]
[WhiteElo "1651"]
[BlackElo "1497"]
[PlyCount "117"]
[EventDate "2019.01.26"]
[EventType "swiss"]
[EventRounds "5"]
[EventCountry "GGB"]

1. e4 e6 2. d3 d5 3. Nd2 dxe4 4. Nxe4 Nd7 5. g3 Ngf6 6. Bg2 Be7 7. Ne2 O-O 8.
O-O Nxe4 9. Bxe4 Nf6 10. Bg2 Rb8 11. Nc3 a6 12. Be3 c5 13. Ne4 b6 14. Bf4 Rb7
15. Nxf6+ Bxf6 16. Bxb7 Bxb7 17. c3 Qd5 18. f3 g5 19. Be3 g4 20. c4 Qc6 21. Qd2
gxf3 22. Rf2 Kh8 23. Raf1 Rg8 24. Qd1 Bh4 25. Bf4 Bf6 26. Qxf3 Qxf3 27. Rxf3
Bxf3 28. Rxf3 Bxb2 29. Bc7 f5 30. Bxb6 Bd4+ 31. Kg2 Rb8 32. Bc7 Rb2+ 33. Kh3
Rxa2 34. g4 Ra3 35. gxf5 exf5 36. Rxf5 Rxd3+ 37. Kg4 Rc3 38. Rf8+ Kg7 39. Ra8
Rxc4 40. Rxa6 Be5+ 41. Kg5 Bxc7 42. Ra7 h6+ 43. Kh5 Kf6 44. Rxc7 Rc2 45. h4 Rc4
46. Rc6+ Kg7 47. Rc7+ Kf6 48. Rc6+ Kg7 49. Rg6+ Kh8 50. Rxh6+ Kg7 51. Rc6 Kf8
52. Kg5 Rc1 53. h5 Rg1+ 54. Kh6 Rg8 55. Rxc5 Rh8+ 56. Kg5 Rg8+ 57. Kf5 Kg7 58.
Rc6 Kh8 59. Rc7 1/2-1/2

[Event "Gibraltar Amateurs B"]
[Site "Gibraltar"]
[Date "2019.01.30"]
[Round "5.35"]
[White "Krause, Marianne"]
[Black "Mahbubani, Dev"]
[Result "1-0"]
[WhiteElo "1637"]
[BlackElo "1343"]
[PlyCount "61"]
[EventDate "2019.01.26"]
[EventType "swiss"]
[EventRounds "5"]
[EventCountry "GGB"]

1. c4 Nf6 2. g3 d6 3. Bg2 g6 4. e3 Bg7 5. Ne2 c6 6. Nbc3 O-O 7. O-O e5 8. d3 d5
9. cxd5 cxd5 10. d4 e4 11. Bd2 Nc6 12. a3 Bg4 13. Rc1 Qd7 14. Qc2 Bh3 15. b4
Bg4 16. Qb3 Bf3 17. Nf4 Bxg2 18. Kxg2 Ne7 19. h3 g5 20. Nfe2 Qf5 21. Ng1 g4 22.
h4 Qh5 23. Nge2 Ng6 24. Rh1 Qf5 25. Ng1 Nh5 26. Qxd5 Qxd5 27. Nxd5 Rac8 28. Ne2
Rc6 29. Rxc6 bxc6 30. Ndc3 Rd8 31. Nxe4 1-0